000 00463pab a2200169 454500
008 180718b2014 xxu||||| |||| 00| 0 eng d
100 _aGupta, Bindu
245 _aStrategy and structural dimensions - A comparative study of four industries
260 _c2014
300 _ap.180-192.
362 _aJul
650 _aAdministrative structure
700 _aSingh, Ajay
773 _aIndian Journal of Industrial Relations
908 _aN
909 _a105307
999 _c105302
_d105302